banner koha

Atualização sobre produção massal de propágulos de cacau geneticamente melhorado (Registro n. 68066)

MARC details
000 -LÍDER
campo de controle de tamanho fixo 01269nam a22003857a 4500
001 - NÚMERO DE CONTROLE
campo de controle BR0502049
003 - IDENTIFICADOR DO NÚMERO DE CONTROLE
campo de controle BR-BrBNA
005 - DATA E HORÁRIO DA ÚLTIMA TRANSAÇÃO
campo de controle 20230928101903.0
007 - CAMPO FIXO DE DESCRIÇÃO FÍSICA--INFORMAÇÃO GERAL
campo de controle de tamanho fixo ta
008 - CAMPO DE DADOS FIXOS--INFORMAÇÃO GERAL
campo de controle de tamanho fixo 230509b bl.||||| |||| 00| 0 por d
040 ## - FONTE DA CATALOGAÇÃO
Instituição da catalogação original BR-BrBNA
Idioma da catalogação por
Instituição que transcreveu o registro Biblioteca Nacional de Agricultura
041 ## - CÓDIGO DE IDIOMA
Código do idioma do texto/trilha sonora ou título diferente (Por)
072 ## - CÓDIGO DE CATEGORIA DE ASSUNTO
Código de Categoria de Assunto F30
Código do objeto 2110
-- 3568
090 ## - NÚMERO DE CHAMADA LOCAL
-- 2110 BR0502049
100 1# - ENTRADA PRINCIPAL--NOME PESSOAL
Nome pessoal Pereira, J.L.
100 1# - ENTRADA PRINCIPAL--NOME PESSOAL
Nome pessoal Serôdio, M.H.
100 1# - ENTRADA PRINCIPAL--NOME PESSOAL
Nome pessoal Pereira, N.A.B.M.
100 1# - ENTRADA PRINCIPAL--NOME PESSOAL
Nome pessoal Pereira, G.S.
100 1# - ENTRADA PRINCIPAL--NOME PESSOAL
Nome pessoal Souza, E. de(coord.)
110 1# - ENTRADA PRINCIPAL--NOME CORPORATIVO
Nome corporativo ou nome da jurisdição Ministério da Agricultura e do Abastecimento, Brasília, DF (Brasil)
9 (RLIN) 6726
111 1# - ENTRADA PRINCIPAL--NOME DO EVENTO
Nome do evento ou lugar Reunião técnica: atualização sobre produção massal de propágulos de cacau geneticamente melhorado
Local do evento Ilhéus, BA (Brazil)
Data do evento ou assinatura do tratado 19-23 Oct 1998
245 1# - TÍTULO
Título Atualização sobre produção massal de propágulos de cacau geneticamente melhorado
260 3# - PUBLICAÇÃO, DISTRIBUIÇÃO, ETC.
Local de publicação, distribuição, etc. Ilhéus, BA (Brasil):
Data da publicação, distribuição, etc. 1998.
300 ## - DESCRIÇÃO FÍSICA
Extensão 156 p.
500 ## - NOTA GERAL
Nota geral Several bibliography; 17 tables; 8 illus.
650 ## - ASSUNTO--TERMO TÓPICO
Cabeçalho tópico ou nome geográfico CACAU
650 ## - ASSUNTO--TERMO TÓPICO
Cabeçalho tópico ou nome geográfico CLONE
650 ## - ASSUNTO--TERMO TÓPICO
Cabeçalho tópico ou nome geográfico PROPAGAÇÃO VEGETATIVA
650 ## - ASSUNTO--TERMO TÓPICO
Cabeçalho tópico ou nome geográfico PRODUÇÃO VEGETAL
650 ## - ASSUNTO--TERMO TÓPICO
Cabeçalho tópico ou nome geográfico BIOTECNOLOGIA
650 ## - ASSUNTO--TERMO TÓPICO
Cabeçalho tópico ou nome geográfico VARIEDADE RESISTENTE
650 ## - ASSUNTO--TERMO TÓPICO
Cabeçalho tópico ou nome geográfico DOENÇA DE PLANTA
909 ## -
-- 202309
-- Lucia
-- 55
-- Lucia Elande
942 ## - ELEMENTOS DE ENTRADA ADICIONADOS (KOHA)
Tipo de material Koha Livros
Exemplares
Situação do descarte Fonte da classificação ou esquema de arquivamento na estante Situação física Não pode ser emprestado Coleção Biblioteca de origem Biblioteca atual Total de empréstimos Número de telefone completo Código de barras Data de último acesso Número do exemplar Tipo de material Koha Situação das perdas Data de aquisição Fonte de aquisição
  Classificação AGRIS       Biblioteca Nacional de Agricultura - Binagri Biblioteca Nacional de Agricultura - Binagri   2110 BR0502049 2110 BR0502049 25/09/2023 01 Livros   2023-09-25 Portaria Interministerial nº 164/94

BINAGRI

Telefone: (61)3218-2567/2388/3357/2097 - binagri@agro.gov.br

Ministério da Agricultura e Pecuária , Esplanada dos Ministérios, Bloco D, Anexo B, Brasília/DF, CEP: 70.043-900